Doplňujúce pedagogické štúdium na Univerzite J. Selyeho

Bibliographic Details
Main Author: Albert, Sándor, 1943- (Author)
Format: Book
Language:Slovak
Hungarian
PhysicalDescription:29, 46 s. fotogr., tab. 21 cm
Published: V Komárne Univerzita J. Selyeho 2007
ISBN:9788089234325
Edition:[1. vyd.]
Subjects:

MARC

LEADER 00000nam a2200000 a 4500
001 vtls009179521
003 SK-MaSNL
005 20260302005552.0
008 240313s2007 xo ol d 000 0 slo
015 |a SNBA2008/02-00665 
020 |a 9788089234325  |q (brož.) 
035 |a 5DDA8BB4-CAE7-4629-9499-24C7A7805B7C 
035 |a urn:nbn:sk:snk-aml3sa 
035 |a urn:nbn:sk:snk-am008kfk 
040 |a SNK  |b slo  |c SNK  |e AACR2 
041 0 |a slo  |a hun 
043 |a e-xo--- 
044 |a xo  |c SK 
072 7 |a 378  |x Vysoké školy  |2 konspekt 
080 |a 378.4  |2 2001 
080 |a 37.01  |2 2001 
080 |a 371.3  |2 2001 
080 |a (437.6)  |2 2001 
080 |a (048.8)  |2 2001 
100 1 |a Albert, Sándor,  |d 1943-  |4 aut  |9 92664 
245 1 0 |a Doplňujúce pedagogické štúdium na Univerzite J. Selyeho  |c Sándor Albert 
246 1 1 |a Kiegészítő pedagógiai tanulmányok a Selye János Egyetemen 
250 |a [1. vyd.] 
260 |a V Komárne  |b Univerzita J. Selyeho  |c 2007 
300 |a 29, 46 s.  |b fotogr., tab.  |c 21 cm 
500 |a Zvratmo tlačené dokumenty majú vlastné stránkovanie 
504 |a Bibliogr. s. 45-46 
610 2 7 |a Univerzita J. Selyeho  |2 SNKKA  |9 178415 
650 0 7 |a univerzity  |2 SNKPH  |9 22152 
650 0 7 |a štúdium a výučba  |2 SNKPH  |9 3982 
650 0 7 |a pedagogika  |2 SNKPH  |9 955 
651 7 |a Komárno (Slovensko)  |2 SNKPH  |9 39168 
655 7 |a prehľady  |2 SNKPH  |9 70194 
752 |a Slovensko  |d Komárno 
919 |a 978-80-89234-32-5 
958 |a OND 
968 |d 34 
999 |c 999963  |d 1001893 
952 |a SNK  |b SNK  |y PREZ  |7 0  |p 17A0578871  |o snkSC 130651  |i snk2008/2523  |8 0  |0 0  |1 0  |4 0  |d 2008-01-31  |f 1  |l 0  |r 2025-06-19 00:00:00  |w 2026-02-24 
952 |a SNK  |b SNK  |y VYP  |7 0  |p 17A0578872  |o snkSC 130651 D1  |i snk2008/2524  |8 0  |0 0  |1 0  |4 0  |d 2008-01-31  |l 0  |r 2026-02-24 12:16:32  |w 2026-02-24